000
00290nam a22001337a 4500
008
170807b xxu||||| |||| 00| 0 eng d
020
_a
9781584503897
041
_a
eng
080
_a
004
100
_a
34
101
_a
SHKI
245
_a
COMPUTER FORENSICS
_c
VACCA, J.R
942
_2
udc
_c
BK
999
_c
22832
_d
22832